Score 0/24 Timer 04:00
2 Plays Today
% Correct
STOP
98.7%
POTS
96.9%
TOPS
96.9%
STEAM
90.3%
SPOT
88.9%
POST
88.9%
MEATS
85.2%
ROPES
84.7%
TEAMS
84.6%
SPORE
83.8%
OPTS
82.4%
PORES
78.2%
% Correct
TAMES
77.2%
MATES
73.7%
RINSE
62.9%
SIREN
54.4%
PROSE
53.9%
POSER
50.5%
RISEN
46.7%
REINS
46.5%
REPOS
45.8%
RESIN
42.9%
SERIN
29.5%
SATEM
17.2%
Remove Ads.
Support Sporcle.
Get the best of Sporcle when you Go Orange. This ad-free experience offers more features, more stats, and more fun while also helping to support Sporcle. Thank you for becoming a member.

You're not logged in!

Compare scores with friends on all Sporcle quizzes.
OR
Log In

Show Comments

Extras

Top Quizzes Today


Score Distribution

Your Account Isn't Verified!

In order to create a playlist on Sporcle, you need to verify the email address you used during registration. Go to your Sporcle Settings to finish the process.

Report this User

Report this user for behavior that violates our Community Guidelines.

Details: